| 000 | 00700nam a2200205 a 4500 | ||
|---|---|---|---|
| 001 | 000044365 | ||
| 005 | 20240409073825.0 | ||
| 008 | 140624s2010 dr 000 j spa d | ||
| 020 | _a9789945874709 | ||
| 040 |
_aDO-SdBNP _bspa _cBNPHU |
||
| 082 |
_aRD863.5 _bO77m |
||
| 100 | 1 |
_aOrtíz Frías, Sagrario _933982 |
|
| 245 | 1 | 3 |
_aEl maravilloso mundo del agua = _bThe marvelous world of water / _cSagrario Ortíz Frías. |
| 260 |
_aSanto Domingo : _bO&D Impresión, _c2010. |
||
| 300 |
_a20 p. : _bil. ; _c18 cm. |
||
| 500 | _aTexto en español e inglés | ||
| 650 | 0 |
_aCuentos infantiles dominicanos _9505 |
|
| 650 | 4 |
_aLiteratura infantil dominicana _9441 |
|
| 910 | _aValidado. Control de calidad MFF | ||
| 999 |
_c43854 _d43854 |
||